000 01019nam a2200313Ia 4500
003 OSt
005 20221007121545.0
006 a|||||r|||| 00| 0
007 ta
008 221006b |||||||| |||| 00| 0 eng d
020 _a9789380853789 (pbk)
024 _a199679
037 _b109, 12/03/2019, Deepika Book Agency
_cTextual
040 _aBDL
_cBDL
_beng
041 _2eng
_aeng
082 _aG:66, N6;Q4;1 Carb
100 _aHallgrimsson Benedikt
_9479579
245 0 _aStrickberger's evolution
_b Hall Brian K
250 _a5
260 _aBurlington
_bJones and Battlett learning
_c2014
300 _axxvi, 644p. col.ill.
_ccm.
500 _aGlossary 579-619p.; Index 621-644p.
650 _a Eukaryotic organelles
_9712388
650 _a Human origins
_9583019
650 _aBotany
700 _a Hall Brian K
_9440638
942 _hG:66, N6;Q4;1 Carb
_cTEXL
_2CC
999 _c1209023
_d1209023